000 00317nam a22001337a 4500
041 _aEnglish
082 _a291.454 FOR
100 _aForum of Religious for Justice and Peace(FORUM)
245 _aProphets of our Times
260 _aDelhi
_bMedia House
_c2012
300 _a76
650 _aSaints-India
942 _cBK
999 _c21013
_d21013